| 000 | 01330nam a2200337Ia 4500 | ||
|---|---|---|---|
| 001 | ebr10348581 | ||
| 003 | CaPaEBR | ||
| 006 | m u | ||
| 007 | cr cn||||||||| | ||
| 008 | 960827s1996 enk sb 001 0 eng d | ||
| 010 | _z 96070153 | ||
| 020 | _z0803989288 | ||
| 020 | _z0803989296 (pbk.) | ||
| 020 | _z9780803989283 | ||
| 040 |
_aCaPaEBR _cCaPaEBR |
||
| 035 | _a(OCoLC)654244271 | ||
| 050 | 1 | 4 |
_aHD38.2 _b.M462 1996eb |
| 245 | 0 | 0 |
_aMen as managers, managers as men _h[electronic resource] : _bcritical perspectives on men, masculinities, and managements / _cedited by David L. Collinson and Jeff Hearn. |
| 260 |
_aLondon ; _aThousand Oaks, Calif. : _bSage Publications, _c1996. |
||
| 300 | _ax, 275 p. | ||
| 504 | _aIncludes bibliographical references (p. [239]-265) and index. | ||
| 533 |
_aElectronic reproduction. _bPalo Alto, Calif. : _cebrary, _d2010. _nAvailable via World Wide Web. _nAccess may be limited to ebrary affiliated libraries. |
||
| 650 | 0 | _aExecutives. | |
| 650 | 0 | _aMasculinity. | |
| 650 | 0 |
_aMen _xPsychology. |
|
| 655 | 7 |
_aElectronic books. _2local |
|
| 700 | 1 | _aCollinson, David. | |
| 700 | 1 |
_aHearn, Jeff, _d1947- |
|
| 710 | 2 | _aebrary, Inc. | |
| 856 | 4 | 0 |
_uhttp://site.ebrary.com/lib/rucke/Doc?id=10348581 _zAn electronic book accessible through the World Wide Web; click to view |
| 999 |
_c29415 _d29415 |
||